| 000 | 01565nam a2200433 i 4500 | ||
|---|---|---|---|
| 001 | 194080 | ||
| 003 | SpMaBN | ||
| 005 | 20250812014146.0 | ||
| 007 | ta | ||
| 008 | 240410s2002 sp |||| ||spa d | ||
| 016 | 7 |
_abimoBNE19930637589 _zCEN920148998 _2SpMaBN |
|
| 017 |
_aM 37691-1990 _bOficina Depósito Legal Madrid |
||
| 020 | _a8424505662 | ||
| 035 | _a(OCoLC)435353964 | ||
| 035 | _abimo0000337230 | ||
| 040 |
_aSpMaBN _bspa _cCEN _dES-MaACL |
||
| 080 | _a792.028 | ||
| 100 | 1 |
_aLayton, William, _d1913-1995 _0XX5069342 _9235715 |
|
| 245 | 1 | 0 |
_a¿Por qué? : _btrampolín del actor / _cWilliam Layton ; con la colaboración de José Carlos Plaza, Juan Antonio López Esteve. |
| 250 | _a5a ed. | ||
| 260 |
_aMadrid : _bFundamentos, _c2002. |
||
| 300 |
_a188 p. _c19 cm |
||
| 336 |
_2rdacontent _atexto |
||
| 337 |
_2rdamedia _asin mediación |
||
| 338 |
_2rdacarrier _avolumen |
||
| 490 | 1 |
_aArte _v108. Serie Teatro |
|
| 504 | _aIndice | ||
| 650 | 7 |
_aArte dramático _2embne _910180 |
|
| 700 | 0 |
_aPlaza, José Carlos, _d1943- _992620 |
|
| 700 | 1 |
_aLópez Esteve, Juan Antonio _9235716 |
|
| 830 | 0 |
_aColección Arte (Editorial Fundamentos) _v108 _9235717 |
|
| 830 | 0 |
_aColección Arte (Editorial Fundamentos) _9235717 |
|
| 852 |
_aES-MaACL _cDEPO1 _jA-15330 _hDonación: Candela Arroyo _9201604 |
||
| 903 |
_9235711 _aArroyo, Candela _ednr |
||
| 942 |
_n0 _cMONOGRAFIA |
||
| 999 |
_c194080 _d194080 |
||